00310nam a2200121Ia 4500008004100000041000800041082001700049100002100066245003400087260003500121300002500156365000700181240624s9999 xx 000 0 und d aeng a363.2876 SWE aSWEET KATHLEEN M aAVIATION AND AIRPORT SECURITY c2004aDelhibPearson Education axv, : 368 : cm. ; 24 cRS